| 000 | 00594nam a2200229Ia 4500 | ||
|---|---|---|---|
| 003 | OSt | ||
| 005 | 20220926042511.0 | ||
| 006 | a|||||r|||| 00| 0 | ||
| 007 | ta | ||
| 008 | 220923b |||||||| |||| 00| 0 eng d | ||
| 037 | _cGeneral Book | ||
| 040 |
_aRTL _cRTL _beng |
||
| 041 |
_2eng _aeng |
||
| 082 | _aJ.1N48.N5, J1 | ||
| 100 |
_aPackman James A _9346349 |
||
| 245 | 0 | _aFood from the commonwealth and Empire | |
| 260 | _c1951 | ||
| 300 |
_a104p _ccm. |
||
| 650 |
_aAgriculture _927 |
||
| 942 |
_hJ.1N48.N5, J1 _cGB _2CC |
||
| 999 |
_c669891 _d669891 |
||